Vegetables: A-Z #2 - Statistics

General Stats
  • This quiz has been taken 45 times
  • The average score is 14 of 23
Answer Stats
Picture Answer % Correct
G{inger}
97%
T{omato}
97%
Z{ucchini}
97%
M{ushroom}
95%
A{rtichoke}
92%
Y{am}
92%
P{eas}
89%
C{elery}
87%
L{eek}
84%
R{hubarb}
82%
O{kra}
76%
K{ale}
74%
S{weet} {potato}
71%
W{atercress}
61%
I{ceberg} {lettuce}
58%
B{ok} {Choy}
53%
D{aikon}
45%
N{ori}
32%
E{ndive}
26%
J{icama}
18%
H{aricot} {beans}
11%
F{iddlehead}
8%
U{lluco}
0%
No matching quizzes found
Score Distribution
Percent of People with Each Score
Percentile by Number Answered
Your Score History
You have not taken this quiz